000 01218nam a22002057a 4500
003 JO-AjAnu
005 20240708094312.0
008 240703b jo ||||| |||| 00| 0 ara d
040 _aJO-AjAnu
_cJO-AjAnu
041 _aara
100 1 _aالقواقنة ، رفيدة حسن نهار
_965980
245 2 _aالكفاءة الذاتية المدركة وعلاقتها بمستوى الطموح لدى الطلبة ذوي صعوبات التعلم = The self-Efficiency Which is precepted and its Relationship with Aambitious Level for the students with Learning Disabilities /
_cاعداد رفيدة حسن نهار القواقنة ؛ إشراف خالد احمد عبيدات، صالح عليان درادكة
260 _c2024
300 _a98 ورقة
500 _aرسالة جامعية (رسالة ماجستير) .- جامعة عجلون الوطنية (عجلون،الاردن)، كلية العلوم التربوية ، تخصص صعوبات التعلم، 2024.
650 7 0 _aصعوبات التعلم
_965981
700 1 _aعبيدات، خالد احمد
_965487
_eمشرف رئيسي
700 1 _aدرادكة ، صالح عليان
_965982
_eمشرف مشارك
942 _2lcc
_cTHS
_n0
999 _c33546
_d33546